Maʻa al-aʻwām : ṣafaḥāt min tārīkh al-ḥarakah al-shiyūʻīyah fī al-ʻIrāq bayn 1958-1969 /

Saved in:
书目详细资料
主要作者: Ḥājj, ʻAzīz.
格式: 图书
语言:Arabic
出版: Bayrūt : al-Muʾassasah al-ʻArabīyah lil-Dirāsāt wa-al-Nashr, 1981.
版:al-Ṭabʻah 1.
主题:
标签: 添加标签
没有标签, 成为第一个标记此记录!
LEADER 00714nam a2200217La 4500
001 006608043-6
005 20020606163548.3
008 840619s1981 le 000 0 araod
035 0 |a ocm13605475 
040 |a PAU  |c PAU  |d HLS 
043 |a a-iq--- 
090 |a HX385.A6  |b H34x 1981 
100 1 |a Ḥājj, ʻAzīz. 
245 1 0 |a Maʻa al-aʻwām :  |b ṣafaḥāt min tārīkh al-ḥarakah al-shiyūʻīyah fī al-ʻIrāq bayn 1958-1969 /  |c Azīz al-Ḥājj. 
250 |a al-Ṭabʻah 1. 
260 |a Bayrūt :  |b al-Muʾassasah al-ʻArabīyah lil-Dirāsāt wa-al-Nashr,  |c 1981. 
300 |a v. ;  |c 20 cm. 
650 0 |a Communism  |z Iraq  |x History. 
651 0 |a Iraq  |x Politics and government. 
988 |a 20020608 
906 |0 OCLC